| 000 | 00466pab a2200169 454500 | ||
|---|---|---|---|
| 008 | 180718b2007 xxu||||| |||| 00| 0 eng d | ||
| 100 | _aBhardwaj, H.R. | ||
| 245 | _aJustice to the poor at their doorstep: urgent need to set-up Gram Nyayalayas | ||
| 260 | _c2007 | ||
| 300 | _ap.22-27. | ||
| 362 | _aJan-Jun | ||
| 650 | _aJustice | ||
| 650 | _aRight to justice | ||
| 773 | _aJournal of Constitutional and Parliamentary Studies | ||
| 908 | _aN | ||
| 909 | _a78927 | ||
| 999 |
_c78927 _d78927 |
||